British literature - sudden death - Statistics

General Stats
  • This quiz has been taken 911 times
  • The average score is 6 of 16
Answers on the Grid
Answers color-coded by a green-red scale on the quiz's grid according to % correct below.
Pride and Prejudice
Charlie and the Chocolate Factory
The Stranger
The Old Man and the Sea
The Canterbury Tales
To Kill a Mockingbird
Paradise Lost
Little Women
Faust
Nineteen Eighty-Four
Jane Eyre
Buddenbrooks
Mrs Dalloway
Dracula
Ulysses
David Copperfield
Crime and Punishment
The Lord of the Rings
The Hunchback of Notre-Dame
Moby-Dick
The Idiot
Hamlet
Alice's Adventures in Wonderland
Brave New World
The Tin Drum
The War of the Worlds
Othello
The Grapes of Wrath
Wuthering Heights
Frankenstein
 
Answer Stats
Answer % Correct
Pride and Prejudice
92%
Charlie and the Chocolate Factory
61%
The Canterbury Tales
61%
Jane Eyre
51%
Nineteen Eighty-Four
41%
Hamlet
36%
David Copperfield
35%
Wuthering Heights
35%
Paradise Lost
34%
Othello
32%
Mrs Dalloway
31%
Frankenstein
28%
Alice's Adventures in Wonderland
26%
The Lord of the Rings
24%
Brave New World
14%
The War of the Worlds
13%
No matching quizzes found
Score Distribution
Percent of People with Each Score
Percentile by Number Answered
Your Score History
You have not taken this quiz